Movies Quiz

Random Movies or Actress Quiz

Movie Cast Match (1993) Quiz Stats

 Plays Quiz Updated Oct 1, 2015

Challenge
Share
Tweet
Embed
Score 0/40 Timer 08:00
16 Plays Today
% Correct
Sleepless in Seattle
91.6%
Mrs. Doubtfire
91.6%
Sister Act 2: Back in the Habit
90.6%
Groundhog Day
90.3%
Wayne's World 2
88.1%
The Fugitive
88%
Look Who's Talking Now
87.8%
Jurassic Park
87.3%
Grumpy Old Men
86.7%
Philadelphia
86.6%
Coneheads
82.5%
Addams Family Values
82.4%
Indecent Proposal
81.1%
Schindler's List
80.9%
The Pelican Brief
80.9%
What's Eating Gilbert Grape
80.7%
Homeward Bound: The Incredible Journey
79.2%
Hot Shots! Part Deux
78.9%
The Firm
77.7%
Hocus Pocus
77.3%
% Correct
Cool Runnings
77.3%
Last Action Hero
75.6%
Demolition Man
72.8%
Robin Hood: Men in Tights
72.6%
Carlito's Way
72.3%
Cliffhanger
72.3%
Tombstone
71.4%
So I Married an Axe Murderer
71.1%
Rudy
69.1%
In the Line of Fire
67.7%
The Good Son
66.9%
Dave
66.4%
Benny & Joon
65.8%
In the Name of the Father
63.7%
The Piano
61.6%
The Three Musketeers
61.5%
Falling Down
61.2%
Kalifornia
60.4%
A Bronx Tale
60.1%
True Romance
57.9%

You're not logged in!

Compare scores with friends on all Sporcle quizzes.
OR
Log In

You Might Also Like...

Show Comments

Extras

Top Quizzes Today


Score Distribution

Your Account Isn't Verified!

In order to create a playlist on Sporcle, you need to verify the email address you used during registration. Go to your Sporcle Settings to finish the process.

Report this User

Report this user for behavior that violates our Community Guidelines.

Details: